[Event "Mittelrhein Regionalliga 1920"]
[Site "Mittelrhein"]
[Date "2020.01.19"]
[Round "5.5"]
[White "Hess, Christian1111"]
[Black "Haverkamp, Klaus"]
[Result "1-0"]
[WhiteElo "1953"]
[BlackElo "1878"]
[PlyCount "55"]
[EventDate "2019.09.29"]
[EventType "team-tourn"]
[EventRounds "9"]
[EventCountry "GER"]
[SourceTitle "EXT 2023"]
[Source "ChessBase"]
[SourceDate "2022.10.05"]
[SourceVersion "1"]
[SourceVersionDate "2022.10.05"]
[SourceQuality "1"]
[WhiteTeam "Langenfeld II"]
[BlackTeam "Herzogenrath"]
[WhiteTeamCountry "GER"]
[BlackTeamCountry "GER"]

1. e4 e5 2. Nc3 Nf6 3. f4 d5 4. fxe5 Nxe4 5. Qf3 Nxc3 6. bxc3 c6 7. Nh3 Be7 8. d4 0-0 9. Bd3 f5 10. 0-0 g6 11. Bh6 Rf7 12. Nf4 Bf8 13. Bxf8 Kxf8 14. Qe3 Qe7 15. e6 Rf6 16. Rae1 b5 17. Qe5 Na6 18. g4 g5 19. Nh5 Rg6 20. Qh8+ Rg8 21. Rxf5+ Qf6 22. Qxf6+ Ke8 23. Qf7+ Kd8 24. e7+ Kc7 25. e8Q+ Bd7 26. Qfxd7+ Kb6 27. Qxc6+ Ka5 28. Qxb5# 1-0

[Event "Mittelrhein Regionalliga 1920"]
[Site "Mittelrhein"]
[Date "2019.12.08"]
[Round "4.5"]
[White "Haverkamp, Klaus"]
[Black "Thiemonds, Uli"]
[Result "0-1"]
[WhiteElo "1878"]
[BlackElo "2000"]
[PlyCount "94"]
[EventDate "2019.09.29"]
[EventType "team-tourn"]
[EventRounds "9"]
[EventCountry "GER"]
[SourceTitle "EXT 2023"]
[Source "ChessBase"]
[SourceDate "2022.10.05"]
[SourceVersion "1"]
[SourceVersionDate "2022.10.05"]
[SourceQuality "1"]
[WhiteTeam "Herzogenrath"]
[BlackTeam "Koeln Porz III"]
[WhiteTeamCountry "GER"]
[BlackTeamCountry "GER"]

1. e4 e6 2. d4 d5 3. Nd2 Nf6 4. e5 Nfd7 5. Bd3 c5 6. c3 Nc6 7. Ndf3 f6 8. exf6 Nxf6 9. Ne2 cxd4 10. cxd4 Qc7 11. 0-0 Bd6 12. Nc3 a6 13. Bg5 0-0 14. a3 g6 15. Qd2 Ng4 16. h3 Rxf3 17. hxg4 Bf4 18. Bxf4 Rxf4 19. Ne2 Rxg4 20. f3 Rh4 21. g3 Rxd4 22. f4 Rxd3 23. Qxd3 Qb6+ 24. Kg2 Qxb2 25. Rad1 b5 26. Rf2 Qf6 27. Nd4 Qxd4 28. Qxd4 Nxd4 29. Rxd4 Bd7 30. Rc2 Ra7 31. Kf2 Kf7 32. Rc5 Ke7 33. Ke3 Kd6 34. Rc1 a5 35. Rd2 Rb7 36. Rb2 h5 37. Kd4 Rb8 38. Rc3 g5 39. Rh2 h4 40. fxg5 e5+ 41. Kd3 hxg3 42. Rg2 d4 43. Rc1 b4 44. axb4 Rxb4 45. Rcg1 Kd5 46. Rxg3 Rb2 47. Rg4 Bb5# 0-1

[Event "Mittelrhein Verbandsliga-W 18/19"]
[Site "Nordrheinwestfalen"]
[Date "2018.10.28"]
[Round "3.3"]
[White "Pick, Stefan"]
[Black "Haverkamp, Klaus"]
[Result "1/2-1/2"]
[WhiteElo "1975"]
[BlackElo "1947"]
[PlyCount "97"]
[EventDate "2018.09.02"]
[EventType "team-tourn"]
[EventRounds "11"]
[EventCountry "GER"]
[SourceTitle "EXT 2022"]
[Source "ChessBase"]
[SourceDate "2021.10.06"]
[SourceVersion "1"]
[SourceVersionDate "2021.10.06"]
[SourceQuality "1"]
[WhiteTeam "Kerpen SK"]
[BlackTeam "Herzogenrath"]
[WhiteTeamCountry "GER"]
[BlackTeamCountry "GER"]

1. c4 e5 2. Nc3 Nf6 3. g3 d5 4. cxd5 Nxd5 5. Bg2 Nxc3 6. bxc3 Bd6 7. Nf3 0-0 8. Qc2 h6 9. 0-0 Nd7 10. d4 c6 11. e4 Qc7 12. Be3 b6 13. Rfd1 Re8 14. h3 Bb7 15. Nh4 Rad8 16. Nf5 Bf8 17. f4 g6 18. Nh4 exd4 19. cxd4 Nf6 20. Rac1 c5 21. dxc5 Bxc5 22. Bxc5 Qxc5+ 23. Qxc5 Rxd1+ 24. Rxd1 bxc5 25. e5 Bxg2 26. Kxg2 Nh5 27. Nf3 Rb8 28. Rd2 Ng7 29. Rc2 Ne6 30. Kf2 Rb4 31. Nd2 h5 32. Ke3 h4 33. gxh4 Rxf4 34. Rxc5 Rxh4 35. Ra5 Rxh3+ 36. Ke4 Rh4+ 37. Ke3 Rh3+ 38. Ke4 a6 39. Nc4 g5 40. Nd6 g4 41. Ne8 g3 42. Nf6+ Kf8 43. Kf3 Nf4 44. Kxf4 g2 45. Rxa6 Ke7 46. Rd6 g1Q 47. Rd7+ Ke6 48. Rd6+ Ke7 49. Rd7+ 1/2-1/2

[Event "Hersonissos op 2nd"]
[Site "Hersonissos"]
[Date "2018.06.24"]
[Round "9"]
[White "Kouvidis, Ioannis"]
[Black "Haverkamp, Klaus"]
[Result "1/2-1/2"]
[WhiteElo "1730"]
[BlackElo "1921"]
[PlyCount "102"]
[EventDate "2018.06.17"]
[EventType "swiss"]
[EventRounds "9"]
[EventCountry "GRE"]
[SourceTitle "CBM 185 Extra"]
[Source "ChessBase"]
[SourceDate "2018.07.29"]
[SourceVersion "1"]
[SourceVersionDate "2018.07.29"]
[SourceQuality "1"]

1. e4 e5 2. Nf3 Nc6 3. Nc3 Nf6 4. d4 exd4 5. Nxd4 Bb4 6. Nxc6 bxc6 7. Bd3 d5 8. exd5 cxd5 9. 0-0 0-0 10. Qf3 c6 11. h3 Re8 12. Ne2 Ne4 13. Ng3 Qh4 14. Bxe4 dxe4 15. Qf4 Qxf4 16. Bxf4 f5 17. Rfd1 Be6 18. Ne2 Rac8 19. Be3 a6 20. Nd4 Kf7 21. c3 Be7 22. Rd2 Red8 23. Rad1 Bf6 24. b3 h6 25. c4 g5 26. Nxe6 Kxe6 27. Bd4 Rxd4 28. Rxd4 Bxd4 29. Rxd4 Ke7 30. g4 Ke6 31. gxf5+ Kxf5 32. Rd6 h5 33. Rh6 h4 34. Rh7 Rd8 35. Rf7+ Ke5 36. Re7+ Kf4 37. Rf7+ Ke5 38. Re7+ Kf4 39. Rc7 Rd6 40. Kg2 Re6 41. Ra7 a5 42. Rxa5 e3 43. fxe3+ Rxe3 44. b4 Re2+ 45. Kg1 Rc2 46. b5 cxb5 47. cxb5 Rb2 48. Ra4+ Kf5 49. Ra3 Rxb5 50. Kg2 Ke4 51. Rb3 Rc5 1/2-1/2

[Event "Mittelrhein Verbandsliga-W 17/18"]
[Site "Nordrheinwestfalen"]
[Date "2018.03.18"]
[Round "9.3"]
[White "Haverkamp, Klaus"]
[Black "Schulz, Wilhelm"]
[Result "1/2-1/2"]
[WhiteElo "1912"]
[BlackElo "2030"]
[PlyCount "81"]
[EventDate "2017.09.10"]
[EventType "team-tourn"]
[EventRounds "11"]
[EventCountry "GER"]
[SourceTitle "EXT 2022"]
[Source "ChessBase"]
[SourceDate "2021.10.06"]
[SourceVersion "1"]
[SourceVersionDate "2021.10.06"]
[SourceQuality "1"]
[WhiteTeam "Herzogenrath"]
[BlackTeam "Horrem"]
[WhiteTeamCountry "GER"]
[BlackTeamCountry "GER"]

1. e4 c5 2. Nf3 e6 3. d4 cxd4 4. Nxd4 Nc6 5. Nc3 Qc7 6. g3 a6 7. Bg2 Nf6 8. 0-0 Be7 9. Re1 d6 10. Nxc6 bxc6 11. f4 e5 12. fxe5 dxe5 13. Na4 Ng4 14. Qe2 0-0 15. h3 Nf6 16. Be3 Rb8 17. c3 Qa5 18. b3 Bd7 19. Qf2 Qc7 20. Bc5 Rfe8 21. Rad1 Be6 22. Bxe7 Rxe7 23. Nc5 Qa5 24. Rd3 Rd8 25. Red1 Rxd3 26. Rxd3 Bc8 27. b4 Qc7 28. Qe2 Re8 29. Kh2 h6 30. a3 Kh7 31. Qd1 a5 32. Bf3 Re7 33. Qd2 Nd7 34. Nxd7 Bxd7 35. Qe3 Be6 36. Qc5 axb4 37. axb4 Rd7 38. Rxd7 Qxd7 39. Bg2 f6 40. c4 Qd3 41. b5 1/2-1/2

[Event "Mittelrhein Verbandsliga-W 17/18"]
[Site "Nordrheinwestfalen"]
[Date "2018.02.25"]
[Round "8.4"]
[White "Haverkamp, Klaus"]
[Black "Kart, Boris"]
[Result "1/2-1/2"]
[WhiteElo "1912"]
[BlackElo "1803"]
[PlyCount "102"]
[EventDate "2017.09.10"]
[EventType "team-tourn"]
[EventRounds "11"]
[EventCountry "GER"]
[SourceTitle "EXT 2022"]
[Source "ChessBase"]
[SourceDate "2021.10.06"]
[SourceVersion "1"]
[SourceVersionDate "2021.10.06"]
[SourceQuality "1"]
[WhiteTeam "Herzogenrath"]
[BlackTeam "Bruehl III"]
[WhiteTeamCountry "GER"]
[BlackTeamCountry "GER"]

1. e4 c5 2. Nf3 d6 3. d4 cxd4 4. Nxd4 Nf6 5. Nc3 Nc6 6. h3 e6 7. g4 a6 8. Bg2 Qc7 9. 0-0 Be7 10. a4 0-0 11. Kh1 Nxd4 12. Qxd4 e5 13. Qd3 Be6 14. Nd5 Bxd5 15. exd5 Nd7 16. c3 Nc5 17. Qc2 Qd8 18. f4 exf4 19. Bxf4 f6 20. b4 Nd7 21. Be4 h6 22. Bf5 Re8 23. Be6+ Kh8 24. Bxh6 Bf8 25. Bd2 Re7 26. Qg6 Qe8 27. Qf5 Ne5 28. Rae1 Rc7 29. g5 fxg5 30. Qxg5 Be7 31. Qg3 Rc4 32. Rg1 Bf6 33. Ref1 Qe7 34. Rf5 g6 35. Rf4 Bh4 36. Qg2 Rc7 37. Rgf1 Bg5 38. R4f2 Bxd2 39. Rf7 Nxf7 40. Rxf7 Qxf7 41. Bxf7 Rxf7 42. Qxd2 Kh7 43. Kg2 Re8 44. Qd4 Re2+ 45. Kg3 Re5 46. c4 Rfe7 47. Qb6 Rg5+ 48. Kf3 Rf5+ 49. Kg3 Rg5+ 50. Kf3 Rf5+ 51. Kg3 Rg5+ 1/2-1/2

[Event "Mittelrhein Verbandsliga-W 17/18"]
[Site "Nordrheinwestfalen"]
[Date "2017.10.22"]
[Round "3.4"]
[White "Effer Uhe, Daniel"]
[Black "Haverkamp, Klaus"]
[Result "1/2-1/2"]
[WhiteElo "2008"]
[BlackElo "1924"]
[PlyCount "75"]
[EventDate "2017.09.10"]
[EventType "team-tourn"]
[EventRounds "11"]
[EventCountry "GER"]
[SourceTitle "EXT 2022"]
[Source "ChessBase"]
[SourceDate "2021.10.06"]
[SourceVersion "1"]
[SourceVersionDate "2021.10.06"]
[SourceQuality "1"]
[WhiteTeam "Erftstadt SV"]
[BlackTeam "Herzogenrath"]
[WhiteTeamCountry "GER"]
[BlackTeamCountry "GER"]

1. e4 e5 2. Nf3 Nc6 3. Bc4 Bc5 4. c3 Nf6 5. d3 d6 6. Bb3 Be6 7. Bc2 h6 8. Nbd2 g5 9. b4 Bb6 10. Nc4 Bxc4 11. dxc4 Qd7 12. Qe2 a5 13. b5 Ne7 14. Be3 Bxe3 15. Qxe3 b6 16. h4 g4 17. Nd2 Ng6 18. g3 Nh5 19. Qe2 0-0-0 20. Nf1 Nf6 21. h5 Nf8 22. Ne3 N8h7 23. Rh4 Rdg8 24. 0-0-0 Rg5 25. Rdh1 Nf8 26. Nf5 Ne6 27. Qe3 Kb7 28. a4 Rh7 29. Qe2 Qd8 30. Qd1 Nc5 31. Kb2 Kb8 32. Qe2 Qd7 33. Qe3 Ne6 34. Qe2 Nc5 35. Qe3 Ne6 36. R1h2 Qd8 37. Qe2 Nc5 38. Rh1 1/2-1/2

[Event "Mittelrhein Verbandsliga-W 17/18"]
[Site "Nordrheinwestfalen"]
[Date "2017.10.01"]
[Round "2.4"]
[White "Haverkamp, Klaus"]
[Black "Jopek, Eugeniusz"]
[Result "0-1"]
[WhiteElo "1924"]
[BlackElo "1927"]
[PlyCount "98"]
[EventDate "2017.09.10"]
[EventType "team-tourn"]
[EventRounds "11"]
[EventCountry "GER"]
[SourceTitle "EXT 2022"]
[Source "ChessBase"]
[SourceDate "2021.10.06"]
[SourceVersion "1"]
[SourceVersionDate "2021.10.06"]
[SourceQuality "1"]
[WhiteTeam "Herzogenrath"]
[BlackTeam "Pulheim"]
[WhiteTeamCountry "GER"]
[BlackTeamCountry "GER"]

1. e4 c5 2. Nf3 d6 3. d4 cxd4 4. Nxd4 Nf6 5. Nc3 Nbd7 6. Be3 a6 7. g4 h5 8. gxh5 Rxh5 9. Be2 Rh3 10. Qd2 b5 11. 0-0-0 Bb7 12. f3 Rc8 13. Bf1 Rh5 14. Nf5 g6 15. Ng3 Rh7 16. f4 Qc7 17. Bg2 Ng4 18. Bg1 e6 19. h3 Ngf6 20. Be3 Nb6 21. e5 dxe5 22. Bxb7 Qxb7 23. fxe5 Nc4 24. Qd3 Nxe3 25. exf6 Nxd1 26. Rxd1 Rxh3 27. Nce2 Qc7 28. Qe4 Rxg3 29. Nxg3 Qxg3 30. Kb1 Qf2 31. a3 Qc5 32. Rd2 Qc6 33. Qd3 a5 34. Qe3 b4 35. Qh3 bxa3 36. bxa3 Qb6+ 37. Kc1 Qc5 38. Qh1 Qxa3+ 39. Kd1 Qa1+ 40. Ke2 Qxh1 41. Ke3 Bh6+ 42. Kf2 Bxd2 43. c4 Qe1+ 44. Kg2 Rc5 45. Kf3 Rf5+ 46. Kg2 Qf2+ 47. Kh3 Qf3+ 48. Kh2 Be3 49. c5 Rh5# 0-1

[Event "Mittelrhein Verbandsliga-W 16/17"]
[Site "Nordrheinwestfalen"]
[Date "2016.10.23"]
[Round "3.3"]
[White "Haverkamp, Klaus"]
[Black "Reinhard, Marcus"]
[Result "1-0"]
[WhiteElo "1870"]
[BlackElo "2034"]
[PlyCount "81"]
[EventDate "2016.09.11"]
[EventType "team-tourn"]
[EventRounds "11"]
[EventCountry "GER"]
[SourceTitle "EXT 2022"]
[Source "ChessBase"]
[SourceDate "2021.10.06"]
[SourceVersion "1"]
[SourceVersionDate "2021.10.06"]
[SourceQuality "1"]
[WhiteTeam "Herzogenrath"]
[BlackTeam "Alsdorf SVG"]
[WhiteTeamCountry "GER"]
[BlackTeamCountry "GER"]

1. e4 c5 2. Nf3 e6 3. d4 cxd4 4. Nxd4 a6 5. g3 e5 6. Nf5 d5 7. Ne3 d4 8. Nd5 Be6 9. Bg2 Nf6 10. c4 Nbd7 11. 0-0 Rc8 12. Nd2 h5 13. Qa4 h4 14. b4 Ng4 15. c5 Nxh2 16. Kxh2 hxg3+ 17. Kg1 gxf2+ 18. Rxf2 Qh4 19. Nf3 Qxe4 20. Ng5 Qxg2+ 21. Rxg2 Bxd5 22. Rh2 Rxh2 23. Kxh2 Rc6 24. Bd2 Rh6+ 25. Kg3 Be7 26. Re1 Kd8 27. Nxf7+ Bxf7 28. Bxh6 gxh6 29. Qa5+ Kc8 30. c6 bxc6 31. Qxa6+ Kc7 32. b5 cxb5 33. Qxb5 Bd6 34. Qa5+ Kc6 35. Rc1+ Nc5 36. Qa8+ Kb6 37. Rxc5 Kxc5 38. Qa7+ Kb4 39. Qxf7 e4+ 40. Kf2 Kc3 41. Qb3+ 1-0

[Event "Mittelrhein Verbandsliga-W 16/17"]
[Site "Nordrheinwestfalen"]
[Date "2016.09.11"]
[Round "1.4"]
[White "Wuerzberg, Peter"]
[Black "Haverkamp, Klaus"]
[Result "0-1"]
[WhiteElo "1724"]
[BlackElo "1870"]
[PlyCount "100"]
[EventDate "2016.09.11"]
[EventType "team-tourn"]
[EventRounds "11"]
[EventCountry "GER"]
[SourceTitle "EXT 2022"]
[Source "ChessBase"]
[SourceDate "2021.10.06"]
[SourceVersion "1"]
[SourceVersionDate "2021.10.06"]
[SourceQuality "1"]
[WhiteTeam "Eilendorf Arminia"]
[BlackTeam "Herzogenrath"]
[WhiteTeamCountry "GER"]
[BlackTeamCountry "GER"]

1. c4 e6 2. Nc3 b6 3. d4 Nf6 4. Bg5 Be7 5. e4 Bb7 6. Bd3 d5 7. Bxf6 Bxf6 8. e5 dxc4 9. Be4 Bxe4 10. Nxe4 Qd5 11. Qg4 Be7 12. Nf3 h5 13. Qf4 Nc6 14. 0-0 0-0-0 15. Nc3 Qd7 16. Qe4 Kb8 17. Rfd1 Nb4 18. a4 g5 19. a5 b5 20. a6 c6 21. b3 Nd5 22. Qc2 g4 23. Ne1 Nxc3 24. Qxc3 cxb3 25. Qxb3 Qd5 26. Qb2 h4 27. Rac1 Rd7 28. Rc3 h3 29. Rg3 f5 30. exf6 Bxf6 31. Rxg4 hxg2 32. Rxg2 Bxd4 33. Qd2 Qe4 34. Kf1 Rhd8 35. Qe2 Qxe2+ 36. Kxe2 Kc7 37. Nc2 Bc3 38. Rxd7+ Rxd7 39. Ne3 Kb6 40. Rg6 Re7 41. f4 Kc5 42. Kd3 b4 43. Rg5+ Kb6 44. Rg6 Kxa6 45. f5 exf5 46. Rxc6+ Kb5 47. Rc8 Rd7+ 48. Kc2 Rd2+ 49. Kb1 f4 50. Ng4 a5 0-1

[Event "Prague Summer op 1st"]
[Site "Prague"]
[Date "2014.08.12"]
[Round "4"]
[White "Chudinovskih, Alexander N"]
[Black "Haverkamp, Klaus"]
[Result "1-0"]
[WhiteElo "2273"]
[BlackElo "2009"]
[PlyCount "157"]
[EventDate "2014.08.09"]
[EventType "swiss"]
[EventRounds "9"]
[EventCountry "CZE"]
[SourceTitle "CBM 162 Extra"]
[Source "ChessBase"]
[SourceDate "2014.10.17"]
[SourceVersion "1"]
[SourceVersionDate "2014.10.17"]
[SourceQuality "1"]

1. e4 e5 2. Nf3 Nc6 3. d4 exd4 4. Nxd4 Nf6 5. Nxc6 bxc6 6. e5 Qe7 7. Qe2 Nd5 8. c4 Ba6 9. b3 g5 10. g3 Bg7 11. Bb2 0-0-0 12. Bg2 Rde8 13. 0-0 Bxe5 14. Qxe5 Qxe5 15. Bxe5 Rxe5 16. cxd5 Bxf1 17. Kxf1 cxd5 18. Nc3 c6 19. b4 Kc7 20. Rc1 Kd6 21. Na4 Rb8 22. a3 a5 23. Rb1 axb4 24. axb4 Ra8 25. Nc5 Ra2 26. Bf3 Rf5 27. Be2 h5 28. Nd3 h4 29. b5 hxg3 30. hxg3 c5 31. b6 Ra8 32. Rb5 d4 33. Bg4 Kc6 34. Rb1 Rf6 35. b7 Rb8 36. Ne5+ Kc7 37. Nxd7 Rh6 38. Ke2 Rxb7 39. Rxb7+ Kxb7 40. Nxc5+ Kc6 41. Ne4 Rg6 42. Bf5 Rg7 43. Nf6 g4 44. Kd3 Kc5 45. Bxg4 Rg6 46. Ne4+ Kd5 47. Bh5 Rg7 48. Bf3 Ke5 49. Nd2 f5 50. Nc4+ Kf6 51. Kxd4 Ra7 52. Ke3 Ra1 53. Be2 Rc1 54. Bd3 Re1+ 55. Kf3 Rd1 56. Bxf5 Rc1 57. Ne3 Ra1 58. Kf4 Ra4+ 59. Be4 Kg7 60. g4 Rb4 61. g5 Rb2 62. f3 Rb4 63. Ke5 Rb8 64. Nd5 Re8+ 65. Kf5 Rf8+ 66. Nf6 Rh8 67. Kg4 Rh2 68. Nh5+ Kh8 69. g6 Rd2 70. f4 Kg8 71. Kg5 Kh8 72. f5 Rd4 73. Nf6 Rd1 74. Ne8 Rd4 75. Kh6 Rd8 76. g7+ Kg8 77. Bd5+ Rxd5 78. Nf6+ Kf7 79. Nxd5 1-0

[Event "Guernsey op 38th"]
[Site "Guernsey"]
[Date "2012.10.27"]
[Round "7"]
[White "Haverkamp, Klaus"]
[Black "Canonne, Antoine"]
[Result "1-0"]
[WhiteElo "2023"]
[BlackElo "2014"]
[PlyCount "71"]
[EventDate "2012.10.21"]
[EventType "swiss"]
[EventRounds "7"]
[EventCountry "GCI"]
[SourceTitle "EXT 2013"]
[Source "ChessBase"]
[SourceDate "2012.11.22"]
[SourceVersion "1"]
[SourceVersionDate "2012.11.22"]
[SourceQuality "1"]

1. e4 c5 2. Nf3 e6 3. d4 cxd4 4. Nxd4 Bc5 5. Nb3 Bb6 6. Nc3 Ne7 7. Bf4 0-0 8. Bd6 f5 9. Be2 Nbc6 10. exf5 Rxf5 11. Ne4 Ng6 12. 0-0 Qh4 13. Nbd2 Nd4 14. Bg4 Rf7 15. Bg3 Qd8 16. Nd6 Rf8 17. N2e4 Nh4 18. c4 Ndf5 19. c5 Bc7 20. Be5 Ng6 21. Bxf5 Nxe5 22. Bxh7+ Kxh7 23. Qh5+ Kg8 24. Ng5 Qxg5 25. Qxg5 Nf7 26. Qd2 Nxd6 27. cxd6 Bb6 28. Rac1 a6 29. Rc4 Bd8 30. Rfc1 Bf6 31. R1c2 b5 32. Rc7 Rb8 33. Qc1 Bb7 34. Rxd7 Be4 35. Rcc7 Bd4 36. Qg5 1-0

[Event "Guernsey op 38th"]
[Site "Guernsey"]
[Date "2012.10.26"]
[Round "6"]
[White "Taylor, Robert Graham"]
[Black "Haverkamp, Klaus"]
[Result "1/2-1/2"]
[WhiteElo "1920"]
[BlackElo "2023"]
[PlyCount "81"]
[EventDate "2012.10.21"]
[EventType "swiss"]
[EventRounds "7"]
[EventCountry "GCI"]
[SourceTitle "EXT 2013"]
[Source "ChessBase"]
[SourceDate "2012.11.22"]
[SourceVersion "1"]
[SourceVersionDate "2012.11.22"]
[SourceQuality "1"]

1. d4 Nf6 2. Nf3 d5 3. g3 e6 4. Bg2 Bd6 5. 0-0 0-0 6. b3 Nbd7 7. Bb2 c6 8. Nbd2 Qc7 9. c4 Re8 10. Qc2 b6 11. Rac1 Bb7 12. Ne1 Rac8 13. Nd3 Qb8 14. Qd1 e5 15. cxd5 cxd5 16. Rxc8 Qxc8 17. dxe5 Nxe5 18. Nxe5 Bxe5 19. Bxe5 Rxe5 20. Nf3 Re7 21. Nd4 Ne4 22. e3 g6 23. Qc1 Rc7 24. Qa3 Ba6 25. Re1 Rc5 26. Qb2 Rc3 27. b4 Bd3 28. b5 Qc4 29. h4 h5 30. Bf3 Kf8 31. Rd1 Ke8 32. Be2 Nc5 33. Bf3 Be4 34. Bxe4 Nxe4 35. Ne2 Rc2 36. Qe5+ Kf8 37. Qh8+ Ke7 38. Nf4 Rd2 39. Qe5+ Kf8 40. Qh8+ Ke7 41. Qe5+ 1/2-1/2

[Event "Guernsey op 38th"]
[Site "Guernsey"]
[Date "2012.10.23"]
[Round "3"]
[White "Sprotte, Norbert"]
[Black "Haverkamp, Klaus"]
[Result "1-0"]
[WhiteElo "2145"]
[BlackElo "2023"]
[PlyCount "65"]
[EventDate "2012.10.21"]
[EventType "swiss"]
[EventRounds "7"]
[EventCountry "GCI"]
[SourceTitle "EXT 2013"]
[Source "ChessBase"]
[SourceDate "2012.11.22"]
[SourceVersion "1"]
[SourceVersionDate "2012.11.22"]
[SourceQuality "1"]

1. d4 Nf6 2. Nf3 d5 3. e3 e6 4. Bd3 Nbd7 5. b3 c5 6. 0-0 Be7 7. Nbd2 Qc7 8. Bb2 a6 9. c4 dxc4 10. bxc4 b6 11. Ne5 cxd4 12. exd4 Nxe5 13. dxe5 Nd7 14. Qg4 0-0 15. Rfe1 f5 16. exf6 Nxf6 17. Qh4 h6 18. Re3 Bd6 19. Ne4 Be5 20. Nxf6+ Bxf6 21. Bxf6 Rxf6 22. Qe4 Bb7 23. Qh7+ Kf7 24. Rg3 Rg8 25. Rd1 Bc6 26. Bg6+ Kf8 27. Rgd3 Qf4 28. f3 Qg5 29. Rd8+ Ke7 30. Qxg8 Qxg6 31. Rc8 Bxf3 32. Qd8+ Kf7 33. Qf8# 1-0

[Event "Guernsey op 38th"]
[Site "Guernsey"]
[Date "2012.10.21"]
[Round "1"]
[White "Slade, Theodore"]
[Black "Haverkamp, Klaus"]
[Result "0-1"]
[WhiteElo "1716"]
[BlackElo "2023"]
[PlyCount "48"]
[EventDate "2012.10.21"]
[EventType "swiss"]
[EventRounds "7"]
[EventCountry "GCI"]
[SourceTitle "EXT 2013"]
[Source "ChessBase"]
[SourceDate "2012.11.22"]
[SourceVersion "1"]
[SourceVersionDate "2012.11.22"]
[SourceQuality "1"]

1. d4 Nf6 2. Bg5 d5 3. Nd2 c6 4. c4 dxc4 5. Nxc4 Qd5 6. Ne5 Ne4 7. Bf4 g5 8. Be3 Bg7 9. f3 Qa5+ 10. Bd2 Qxd2+ 11. Qxd2 Nxd2 12. Kxd2 Be6 13. e4 0-0 14. Ke3 Rd8 15. g3 c5 16. d5 Bxd5 17. exd5 Bxe5 18. Ke4 Bg7 19. Bh3 Nd7 20. Bxd7 Rxd7 21. Nh3 Bxb2 22. Rad1 Bf6 23. Kf5 Rad8 24. Ke4 e6 0-1

[Event "Muensterland op 30th"]
[Site "Senden"]
[Date "2012.10.09"]
[Round "5"]
[White "Boehm, Juergen1111"]
[Black "Haverkamp, Klaus"]
[Result "1-0"]
[WhiteElo "2210"]
[BlackElo "2023"]
[PlyCount "73"]
[EventDate "2012.10.06"]
[EventType "swiss"]
[EventRounds "9"]
[EventCountry "GER"]
[SourceTitle "EXT 2013"]
[Source "ChessBase"]
[SourceDate "2012.11.22"]
[SourceVersion "1"]
[SourceVersionDate "2012.11.22"]
[SourceQuality "1"]

1. d4 Nf6 2. Bg5 d5 3. Bxf6 exf6 4. e3 Be6 5. g3 Nd7 6. Bg2 c6 7. Ne2 Nb6 8. Nd2 Qc7 9. Qc1 a5 10. 0-0 h5 11. e4 h4 12. Nf4 hxg3 13. hxg3 Bd6 14. Nxe6 fxe6 15. c4 Nxc4 16. Nxc4 dxc4 17. Qxc4 e5 18. d5 Ra6 19. Rac1 Ke7 20. Rfd1 Rb6 21. Rc2 Rb4 22. Qe2 c5 23. Qg4 Kd8 24. Bh3 b6 25. Rdc1 g6 26. Qxg6 Rxh3 27. Qg8+ Ke7 28. Qe6+ Kf8 29. Qxh3 Kg7 30. Kg2 Qd8 31. Rh1 Qg8 32. Qd7+ Kg6 33. Rh4 f5 34. Qxf5+ Kg7 35. Rg4+ Kh6 36. Qf6+ Kh5 37. Rh4# 1-0

[Event "Mittelrhein Verbandsliga-W 1112"]
[Site "Germany"]
[Date "2012.04.15"]
[Round "9.2"]
[White "Haverkamp, Klaus"]
[Black "Gruenich, Andreas"]
[Result "1/2-1/2"]
[WhiteElo "1970"]
[BlackElo "1867"]
[PlyCount "86"]
[EventDate "2011.09.18"]
[EventType "team-tourn"]
[EventRounds "11"]
[EventCountry "GER"]
[SourceTitle "EXT 2013"]
[Source "ChessBase"]
[SourceDate "2012.11.22"]
[SourceVersion "1"]
[SourceVersionDate "2012.11.22"]
[SourceQuality "1"]
[WhiteTeam "Herzogenrath"]
[BlackTeam "Lendersdorf"]
[WhiteTeamCountry "GER"]
[BlackTeamCountry "GER"]

1. e4 e6 2. d4 d5 3. Nd2 dxe4 4. Nxe4 Nf6 5. Bd3 Be7 6. Nf3 Nbd7 7. 0-0 0-0 8. h3 b6 9. Bg5 Bb7 10. Nxf6+ Bxf6 11. Be3 h6 12. Qe2 a6 13. c4 Qe7 14. Rfe1 c5 15. Rad1 Bxf3 16. Qxf3 Bxd4 17. Bxd4 cxd4 18. Qe4 Nf6 19. Qxd4 Qc7 20. Rd2 Rfd8 21. Qe3 a5 22. Red1 Rab8 23. Be2 Rxd2 24. Rxd2 Rd8 25. a3 Rxd2 26. Qxd2 Kf8 27. Kf1 Ke7 28. g3 Qc5 29. Bd3 Nd7 30. Qe2 Qd4 31. Qc2 Nc5 32. Be2 Ne4 33. Bf3 Nd6 34. Be2 Qe5 35. Kg2 Nf5 36. Bf3 Qd4 37. b4 axb4 38. axb4 Qd7 39. c5 Nd4 40. Qe4 bxc5 41. bxc5 Nxf3 42. Kxf3 Qb5 43. Qe3 Qc6+ 1/2-1/2

[Event "Mittelrhein Verbandsliga-W 1112"]
[Site "Germany"]
[Date "2011.12.11"]
[Round "4.3"]
[White "Matern, Gerhard"]
[Black "Haverkamp, Klaus"]
[Result "1/2-1/2"]
[WhiteElo "1958"]
[BlackElo "1944"]
[PlyCount "96"]
[EventDate "2011.09.18"]
[EventType "team-tourn"]
[EventRounds "11"]
[EventCountry "GER"]
[SourceTitle "EXT 2013"]
[Source "ChessBase"]
[SourceDate "2012.11.22"]
[SourceVersion "1"]
[SourceVersionDate "2012.11.22"]
[SourceQuality "1"]
[WhiteTeam "Brauweiler Rochade"]
[BlackTeam "Herzogenrath"]
[WhiteTeamCountry "GER"]
[BlackTeamCountry "GER"]

1. e4 e5 2. Nf3 d6 3. d4 Nf6 4. dxe5 Nxe4 5. Qd5 Nc5 6. Bg5 Be7 7. exd6 Qxd6 8. Qxd6 Bxd6 9. Nc3 Ne6 10. Bd2 c6 11. Ne4 Be7 12. Be2 Nd7 13. 0-0 Nf6 14. Nc3 0-0 15. Rfe1 Bd6 16. Bf1 Nf4 17. Ne5 N4d5 18. Nxd5 Nxd5 19. Nc4 Bc5 20. c3 Be6 21. Ne3 Rad8 22. Nxd5 Rxd5 23. Be3 Bxe3 24. Rxe3 Rd3 25. b3 Rfd8 26. Be2 Kf8 27. Kf1 a5 28. c4 c5 29. Ke1 R8d4 30. a4 b6 31. Rd1 Rxd1+ 32. Bxd1 Bf5 33. Bf3 Rd3 34. Rxd3 Bxd3 35. Kd2 Bb1 36. Be2 Be4 37. g3 h6 38. Bd3 Bf3 39. Bc2 Ke7 40. Ke3 Bc6 41. Be4 Bd7 42. f4 Kd6 43. h4 Bg4 44. Bf3 Bf5 45. Be4 Ke6 46. Bd5+ Kf6 47. Be4 h5 48. Kd3 Bg4 1/2-1/2